Les Proverbes - Statistiques

Statistiques générales
  • Ce quiz a été pris 164 fois
  • Le résultat moyen est 7 sur 14
Statistiques - réponses
Question Réponse % Correct
Tout ce qui brille... n'est pas en or
94%
Pas de roses... sans épines
94%
Il ne faut pas vendre la peau de l'ours... avant de la tuer
89%
Quand Dieu donne le mal... il donne aussi le remède
72%
Là où il y a du poil... il y a de la joie
61%
Loin des yeux... loin du cœur
61%
Le bonheur fuit celui... qui le cherche
50%
Celui qui vit sans folie n'est pas si... sage qu'il croit
44%
La vie la plus heureuse finit... avant la mort
39%
Les fautes sont grandes quand... l'amour est petit
33%
Celui qui place haut la vertu... peut faire exemple pour le sage
33%
On peut être intelligent toute sa vie et... stupide un instant
33%
Un ami c'est une route, un ennemi c'est... un mur
22%
Le bonheur va vers ceux... qui savent rire
11%
Aucun quiz correspondant
Distribution des résultats
% des personnes avec chaque résultat
Percentile par nombre de réponses
Votre historique - résultats
Vous n’avez pas pris ce quiz